00453 2200157 4500001002100000008004100021035002000062245008500082100002300167260002400190300002500214020002200239084001400261082000800275990001200283INLIS000000000001469 Ind  a0010-1024000022 aTuntunan Sholat Rasulullah Berdasarkan Hadist - Hadist SahihcK.H. Muh Sholikhin aK.H. Muh Sholikhin aJakartabEmirc2018 a345 hlm.c15 x 23 cm a978-602-0935-82-9 a297 HAD y a297 a0753733